| 000 | 00558nam a2200193Ia 4500 | ||
|---|---|---|---|
| 003 | GCL | ||
| 008 | 140319s9999 xx 000 0 ara d | ||
| 040 |
_aGCL / _cGCL |
||
| 082 | 0 | 4 |
_a709.1 _bز ف |
| 100 | 1 | _aزكى محمد حسن | |
| 245 | 1 | 0 |
_aفنون الاسلام / _cزكى محمد حسن |
| 300 | _a756 ص | ||
| 490 |
_aالاعمال الكاملة الدكتور محمد حسن _v0 |
||
| 650 | 0 | 4 | _aالفن الزخرفى |
| 650 | 0 | 4 | _aالمنسوجات |
| 650 | 0 | 4 | _aالتحف |
| 650 | 0 | 4 | _aالفن الاسلامى |
| 942 |
_2ddc _cBK |
||
| 999 |
_c46534 _d46534 |
||